000 01054nam a22003017a 4500
003 CHAP
005 20220329140758.0
008 971013s1981 r 00010 d
010 _a57473
011 _a58445
035 _a62600
040 _cCHAP
090 _aTesis
100 0 0 _aSoto Contreras, Víctor Manuel.
_9108858
245 _aAnálisis de factores que influyen en la producción del nogal pecanero (Carya illinoensis Koch.) en la región de Jiménez, Chih. Méx.
260 _a(Monterrey, N.L.) :
_bEl autor,
_c1981
300 _a119 h.
_b: ilus.
502 _aTesis (Ing. Agr. Esp. en Producción) -- ITEMS. Div. de Ciencias AGropecuarias y Marítimas
590 _aALEPH
_b10
_c20130110
_lUCH01
_h1335
590 _aBATCH-UPD
_b10
_c20130110
_lUCH01
_h0830
590 _aBATCH-UPD
_b10
_c20130410
_lUCH01
_h0508
590 _aBATCH-UPD
_b10
_c20130914
_lUCH01
_h1905
590 _aCONVERSION
_b10
_c20130109
_lUCH01
_h1331
650 1 4 _aPecán.
_986484
901 _aBK
942 _cTESIS
949 _bBC
_cTES
_d-134148
_eTS1
_h18764
_i62600
_si
999 _c57473
_d57473